El hombre y su medio ambiente /

Guardado en:
Autor Principal: Harris, Anne
Formato: Libro
Publicado: Buenos Aires : Sigmar, 1975
Etiquetas: Agregar Etiqueta
Sin Etiquetas, Sea el primero en etiquetar este registro!
LEADER 00389nam a22001455a 4500
001 CEM.cems010499
005 20060214000000.0
008 130507s1975##################000#0#####d
003 CEMS
082 0 4 |a 574 
100 1 |a Harris, Anne 
245 1 0 |a El hombre y su medio ambiente / 
260 |a Buenos Aires :  |b Sigmar,  |c 1975 
300 |a 46 p. 
859 |a CEMS  |b BIB. CEMS - 11 de abril  |h 574  |i H24  |p 20920.00  |t Ej.1